Grand Prix by Picture- Formula 1 F1 - Statistics

General Stats
  • This quiz has been taken 6 times
  • The average score is 23 of 48
Answer Stats
Picture Answer % Correct
1964 Mexican GP
75%
1982 San Marino GP
75%
1986 Australian GP
75%
1988 Monaco GP
75%
1989 Japanese GP
75%
1993 Monaco GP
75%
1998 Belgian GP
75%
1999 Australian GP
75%
2004 Italian GP
75%
2004 Spanish GP
75%
2005 Japanese GP
75%
2006 Malaysian GP
75%
2008 Brazilian GP
75%
2008 Singapore GP
75%
2009 Belgian GP
75%
2009 Turkish GP
75%
2010 Abu Dhabi GP
75%
1935 Monaco GP
50%
1936 German GP
50%
1967 Monaco GP
50%
1970 German GP
50%
1978 United States GP (WEST)
50%
1984 Monaco GP
50%
1985 Portuguese GP
50%
1991 San Marino GP
50%
1994 San Marino GP
50%
1997 Luxembourg GP
50%
2007 Belgian GP
50%
1906 French GP
25%
1948 Dutch GP
25%
1950 British GP
25%
1953 Italian GP
25%
1955 British GP
25%
1957 Pescara GP
25%
1968 South African GP
25%
1969 British GP
25%
1973 Spanish GP
25%
1973 Swedish GP
25%
1976 United States GP (WEST)
25%
1977 Spanish GP
25%
1980 Belgian GP
25%
1987 Detroit GP
25%
1988 French GP
25%
1990 Australian GP
25%
1990 Portuguese GP
25%
1991 Australian GP
25%
1992 South African GP
25%
1995 European GP
25%
No matching quizzes found
Score Distribution
Percent of People with Each Score
Percentile by Number Answered
Your Score History
You have not taken this quiz